000 01002nam a2200301 a 4500
003 MX-MxUPN
005 20240925065304.0
008 030307s2001 ag gr 000 0 spa d
020 _a9500422204
035 _aUPN01000122652
040 _aMX-MxUPN
_bspa
_cMX-MxUPN
041 _aspa
_hfre
050 4 _aBD701
_bE5.58
100 1 _aEliade, Mircea,
_d1907-1986
_933710
240 1 3 _aLe mythe de l'eternel retour : archétypes et répétitions.
_lEspañol
245 1 3 _aEl mito del eterno retorno :
_barquetipos y repetición
260 _aBuenos Aires :
_bEmecé Editores,
_c2001.
300 _a185 páginas
490 0 _aEl arcón de Emecé
504 _aIncluye índice y bibliografía.
534 _pTraducción de :
_tLe mythe de l'éternel retour. Archétypes et répétition
650 4 _aReligión
_98129
650 4 _aMitología
_99786
650 4 _aHistoria
_xAspectos religiosos
_951843
700 1 _951842
_aAnaya, Ricardo
_etraducción
905 _aLibro
942 _2lcc
_cLIBRO
_n0
999 _c94837
_d94837